| 000 | 00564nam a2200169Ia 4500 | ||
|---|---|---|---|
| 008 | 090201s9999 xx 000 0 und d | ||
| 010 | _aKPL-51280 | ||
| 040 | _bमराठी | ||
| 041 | _aमराठी | ||
| 082 |
_a18561 _b51280 |
||
| 100 | _aभिमराव कुलकर्णी | ||
| 245 |
_aसंशय कल्लोळ _cभिमराव कुलकर्णी |
||
| 260 |
_c2004 _bबलवंत पुस्तक भांडार |
||
| 300 |
_a100 _bमोठा |
||
| 600 | _aसंशय कल्लोळ | ||
| 942 | _cBOOK | ||
| 999 |
_c218422 _d218422 |
||